Homes & Communities Agency (Record no. 120758)

MARC details
000 -LEADER
fixed length control field 01073cai a22002055a 4500
001 - CONTROL NUMBER
control field L146434
008 - FIXED-LENGTH DATA ELEMENTS--GENERAL INFORMATION
fixed length control field 090121u xxk f a000 0 eng d
035 ## - SYSTEM CONTROL NUMBER
System control number (Sirsi) u146434
041 0# - LANGUAGE CODE
Language code of text/sound track or separate title eng
110 2# - MAIN ENTRY--CORPORATE NAME
Corporate name or jurisdiction name as entry element Homes and Communities Agency
9 (RLIN) 5688
245 00 - TITLE STATEMENT
Title Homes & Communities Agency
Medium [electronic resource]
520 ## - SUMMARY, ETC.
Summary, etc. Official website for the national housing and regeneration agency brought into being by the Housing and Regeneration Act 2008. Provides access to a range of resources, news articles and sections on buying or renting a home, affordable housing and the Homes and Communities Academy, a learning organisation responsible for developing the skills of those responsible for developing and maintaining communities.
590 ## - LOCAL NOTE (RLIN)
Local note KA
650 24 - SUBJECT ADDED ENTRY--TOPICAL TERM
Topical term or geographic name entry element HOUSING AND REGENERATION ACT 2008
651 #4 - SUBJECT ADDED ENTRY--GEOGRAPHIC NAME
Geographic name England and Wales
Chronological subdivision 1543-
690 ## - LOCAL SUBJECT ADDED ENTRY--TOPICAL TERM (OCLC, RLIN)
Topical term or geographic name as entry element Residential property
9 (RLIN) 6266
690 ## - LOCAL SUBJECT ADDED ENTRY--TOPICAL TERM (OCLC, RLIN)
Topical term or geographic name as entry element PROPERTY-PROPERTY MANAGEMENT-REGENERATION
856 40 - ELECTRONIC LOCATION AND ACCESS
Uniform Resource Identifier <a href="https://www.homesandcommunities.co.uk/">https://www.homesandcommunities.co.uk/</a>
Public note View the website free of charge at www.homesandcommunities.co.uk...
942 ## - ADDED ENTRY ELEMENTS (KOHA)
Suppress in OPAC 0
Holdings
Withdrawn status Lost status Source of classification or shelving scheme Damaged status Not for loan Home library Current library Shelving location Date acquired Total Checkouts Full call number Barcode Date last seen Copy number Price effective from Koha item type
    Dewey Decimal Classification     Virtual Virtual Online 21/01/2009   ONLINE PUBLICATION 146434-1001 06/08/2019 1 06/08/2019 Online material